MARC

LEADER 00000nam0a2200000 4500
001 308755
005 20231102002126.0
020 |a RU  |b 81-89110 
035 |a (RuTPU)RU\TPU\book\334076 
090 |a 308755 
100 |a 20151106d1981 km y0rusy5003 ca 
101 0 |a rus 
102 |a KZ 
105 |a a z 001zy 
200 1 |a Моделирование режима водозаборов в Малом Каратау  |f Академия наук Казахской ССР (АН КазССР), Институт гидрогеологии и гидрофизики ; под ред. В. С. Жеваго 
210 |a Алма-Ата  |c Наука  |d 1981 
215 |a 83 с.  |c ил. 
320 |a Библиогр.: с. 80-82 
606 1 |a Воды подземные  |x Режим водозаборов  |2 stltpush  |3 (RuTPU)RU\TPU\subj\3184  |9 31638 
610 1 |a водозаборы 
610 1 |a моделирование 
610 1 |a Каратау 
610 1 |a карстовые воды 
610 1 |a паводки 
610 1 |a фильтрация 
610 1 |a подземные стоки 
610 1 |a депрессионные воронки 
610 1 |a горные выработки 
610 1 |a водоотлив 
675 |a 556.33  |v 3 
702 1 |a Жеваго  |b В. С.  |g Владимир Семенович  |4 340 
712 0 2 |a Академия наук Казахской ССР (АН КазССР)  |b Институт гидрогеологии и гидрофизики  |2 stltpush  |3 (RuTPU)RU\TPU\col\8430 
801 0 |a RU  |b RuMRKP  |c 19950704  |g psbo 
801 1 |a RU  |b 63413507  |c 20151106 
801 2 |a RU  |b 63413507  |c 20190724  |g RCR 
942 |c BK